| 000 | 00501nam a22001697a 4500 | ||
|---|---|---|---|
| 003 | BD-DhUL | ||
| 005 | 20191222143608.0 | ||
| 008 | 170320s1969 pk ||||| |||| 00| 0 u d | ||
| 040 |
_aBD-DhUL _cBD-DhUL |
||
| 082 |
_a181 _bIQT |
||
| 100 | 1 | _aاقبال، علامہ | |
| 245 | 1 | 0 |
_aتصورات اقبال : _cعلامہ اقبال _bجلد ۱ / |
| 260 |
_aلاهور : _bادارہ ادبی دنا، _c۱۹۶۹۔ |
||
| 300 |
_aجلد ۱ ؛ _c۲۰ سم۔ |
||
| 650 | 0 | _aBiography | |
| 942 |
_2ddc _cBK |
||
| 999 |
_c202642 _d202642 |
||